Ometepe : (Registro nro. 35927)
[ vista simple ]
| 000 -CABECERA | |
|---|---|
| Longitud fija campo de control | 00914nam a2200253 a 4500 |
| 003 - • IDENTIFICADOR DELl NÚMERO DE CONTROL | |
| Identificador del número de control | CO-ViMGA |
| 005 - • FECHA Y HORA DE LA ÚLTIMA TRANSACCIÓN | |
| Fecha y hora de la última transacción | 20230915233143.0 |
| 008 - • CÓDIGOS DE INFORMACIÓN DE LONGITUD FIJA | |
| Códigos de información de longitud fija | 130618s2012 sp a gr 00010 spa d |
| 020 ## - • NÚMERO INTERNACIONAL NORMALIZADO PARA LIBROS | |
| Número Internacional Normalizado para Libros (ISBN) | 9788415163848 |
| 040 ## - FUENTE DE LA CATALOGACIÓN | |
| Centro catalogador de origen | CO-ViMGA |
| Lengua de catalogación | spa |
| Centro transcriptor | CO-ViMGA |
| 043 ## - CÓDIGO DE ÁREA GEOGRÁFICA | |
| Código de área geográfica | s-ag--- |
| 082 04 - • NÚMERO DE LA CLASIFICACIÓN DECIMAL DEWEY | |
| Número de clasificación (R) | 741.5982 |
| Número del ítem | S17o |
| Número de edición | 19 |
| 100 0# - • PUNTO DE ACCESO PRINCIPAL-NOMBRE DE PERSONA | |
| Nombre de persona | Saracino, Luciano, |
| Fechas asociadas al nombre | 1978- |
| 245 10 - • TITULO PROPIAMENTE DICHO | |
| Título | Ometepe : |
| Resto del título | la isla de los dos volcanes y las mil historias / |
| Mención de responsabilidad, etc. | guión de Luciano Saracino ; dibujo y color de Javier de Isusi. |
| 300 ## - • DESCRIPCIÓN FÍSICA | |
| Extensión | 76 p. : |
| Otras características físicas | il. ; |
| Dimensiones | 25 cm. |
| 490 0# - • MENCIÓN DE SERIE | |
| Mención de serie | Colección sillón orejero |
| 650 14 - • PUNTO DE ACCESO ADICIONAL DE MATERIA - TÉRMINO DE MATERIA | |
| Término de materia o nombre geográfico como elemento inicial | Cuentos gráficos argentinos. |
| 650 14 - • PUNTO DE ACCESO ADICIONAL DE MATERIA - TÉRMINO DE MATERIA | |
| Término de materia o nombre geográfico como elemento inicial | Selva |
| Subdivisión de forma | Cuentos gráficos. |
| 651 #4 - • PUNTO DE ACCESO ADICIONAL DE MATERIA - NOMBRE GEOGRÁFICO | |
| Nombre geográfico | Ometepe (Isla, Nicaragua) |
| Subdivisión de forma | Cuentos gráficos. |
| 700 1# - • PUNTO DE ACCESO ADICIONAL - NOMBRE DE PERSONA | |
| Nombre de persona | Isusi, Javier de, |
| Fechas asociadas al nombre | 1972-. |
| 700 1# - • PUNTO DE ACCESO ADICIONAL - NOMBRE DE PERSONA | |
| Nombre de persona | Saracino, Luciano, |
| Fechas asociadas al nombre | 1978- |
| 942 ## - ENTRADA DE ELEMENTOS AGREGADOS (KOHA) | |
| Fuente de clasificaión o esquema | Dewey Decimal Classification |
| Koha [por defecto] tipo de item | LIbro |
| Perdido | Fuente de clasificación o esquema | Estado Físico | No para préstamo | Forma de adquisición | Localización permanente | Localización actual | Fecha adquisición | Préstamos totales | Signatura completa | Código de barras | Fecha última consulta | Número de copia | Fecha del precio de reemplazo | Tipo de item de Koha |
|---|---|---|---|---|---|---|---|---|---|---|---|---|---|---|
| Dewey Decimal Classification | Sala Especializada Tercer Piso | Biblioteca Pública Germán Arciniegas - Villavicencio | Biblioteca Pública Germán Arciniegas - Villavicencio | 09/02/2016 | 741.5982 S17o | 31033 | 09/02/2016 | Ej. 1 | 09/02/2016 | LIbro |